Aplicación de la innovación tecnológica por los docentes de la Escuela de Educación, Universidad Autónoma de Santo Domingo (UASD) Recinto San Francisco de Macorís, semestre 1-2019. (Record no. 5606)

MARC details
000 -LEADER
campo de control de longitud fija 02835nam a2200577Ia 4500
001 - NÚMERO DE CONTROL
campo de control 5963
008 - DATOS DE LONGITUD FIJA--INFORMACIÓN GENERAL
campo de control de longitud fija 241029s9999 xx 000 0 und d
010 ## - NÚMERO DE CONTROL DE LA BIBLIOTECA DEL CONGRESO
Número de control de LC 5606
041 ## - CÓDIGO DE IDIOMA
Código de lengua del texto/banda sonora o título independiente Español
082 ## - NÚMERO DE LA CLASIFICACIÓN DECIMAL DEWEY
Número de clasificación N/A
245 #0 - MENCIÓN DEL TÍTULO
Título Aplicación de la innovación tecnológica por los docentes de la Escuela de Educación, Universidad Autónoma de Santo Domingo (UASD) Recinto San Francisco de Macorís, semestre 1-2019.
260 ## - PUBLICACIÓN, DISTRIBUCIÓN, ETC.
Lugar de publicación, distribución, etc. Duarte
300 ## - DESCRIPCIÓN FÍSICA
Extensión 79
520 ## - RESUMEN, ETC.
Sumario, etc. 73
520 ## - RESUMEN, ETC.
Sumario, etc. La investigación tiene como objetivo general determinar la aplicación de la innovación tecnológica por los docentes de la Escuela de Educación de la Universidad Autónoma de Santo Domingo (UASD), Recinto San Francisco de Macorís durante el semestre 1-2019.El estudio es descriptivo, para el mismo se procedió a tomar la población de 35 docentes de la escuela de educación y describir si reciben los docentes capacitaciones para el uso actualizado de las TIC.Luego de organizar y procesar los datos se concluyó que los docentes, si usan las tecnologías de la información y comunicación en las actividades de la clase diaria y que la universidad no dispone de los medios tecnológicos para lograr un adecuado proceso de enseñanza.La mayoría de los docentes señaló, que uno de los medios tecnológicos que le otorga el Recinto San Francisco de Macorís es el proyector y lo que nunca utiliza es la emisora y televisión como un instrumento de enseñanza-aprendizaje. Se determinó que casi siempre, utilizan el proyector y la computadora para la práctica de clase y en muchas ocasiones usan el Internet para realizar los trabajos.
630 ## - PUNTO DE ACCESO ADICIONAL DE MATERIA--TÍTULO UNIFORME
Título uniforme Nuevas tecnologías
630 ## - PUNTO DE ACCESO ADICIONAL DE MATERIA--TÍTULO UNIFORME
Título uniforme Recursos Audiovisuales
630 ## - PUNTO DE ACCESO ADICIONAL DE MATERIA--TÍTULO UNIFORME
Título uniforme Recursos Tecnológicos
630 ## - PUNTO DE ACCESO ADICIONAL DE MATERIA--TÍTULO UNIFORME
Título uniforme Tecnología de la Información y Comunicación (TICs)
630 ## - PUNTO DE ACCESO ADICIONAL DE MATERIA--TÍTULO UNIFORME
Título uniforme Tecnología Educativa
650 ## - PUNTO DE ACCESO ADICIONAL DE MATERIA--TÉRMINO DE MATERIA
Término de materia o nombre geográfico como elemento de entrada Tecnología de la Información y de la Comunicación (TICs)
690 ## - PUNTO DE ACCESO ADICIONAL DE MATERIA LOCAL--TÉRMINO DE MATERIA (OCLC, RLIN)
Término de materia o nombre geográfico como elemento inicial Sintetizado
700 ## - ENTRADA AGREGADA--NOMBRE PERSONAL
Término indicativo de función/relación asesor
Nombre de persona Hernández Valerio, María del Carmen
700 ## - ENTRADA AGREGADA--NOMBRE PERSONAL
Término indicativo de función/relación autor
Nombre de persona Ulerio, Sophy
700 ## - ENTRADA AGREGADA--NOMBRE PERSONAL
Término indicativo de función/relación autor
Nombre de persona Rosario, Audrey
901 ## - ELEMENTOS DE DATOS A LOCAL LDA (RLIN)
a {"1":"Ulerio","2":"Rosario"}
b {"1":"Sophy","2":"Audrey"}
902 ## - ELEMENTOS DE DATOS B LOCAL, LDB (RLIN)
a 1
903 ## - ELEMENTOS DE DATOS C LOCAL, LDC (RLIN)
a {"1":"Hernández Valerio"}
b {"1":"María del Carmen"}
904 ## - ELEMENTOS DE DATOS D LOCAL, LDD (RLIN)
a Maestría en
905 ## - ELEMENTOS DE DATOS E LOCAL, LDE (RLIN)
a Docencia Universitaria
906 ## - ELEMENTOS DE DATOS F LOCAL, LDF (RLIN)
a 2
907 ## - ELEMENTOS DE DATOS G LOCAL, LDG (RLIN)
a NO APLICA
908 ## - COLOCAR PARÁMETRO DE COMANDO (RLIN)
Colocar parámetro de comando NO APLICA
909 ## -
-- Universidad Católica Nordestana (UCNE)
910 ## - DATOS DE OPCIÓN DEL USUARIO (OCLC)
Datos de opción del usuario NULL
-- NULL
911 ## - EQUIVALENCIA O REFERENCIA-CRUZADA-NOMBRE DE CONFERENCIA O REUNIÓN/CONGRESO [LOCAL, CANADÁ]
Nombre de congreso/reunión o jurisdicción como elemento de entrada ["1"]
912 ## -
-- NO APLICA
913 ## -
-- NULL
914 ## -
-- 01 de Julio de 2019
915 ## -
-- 11/11/19 12:11
916 ## -
-- NULL
917 ## -
-- NULL
918 ## -
-- NO APLICA
919 ## -
-- ["228","174","218","296","191"]
921 ## -
-- 72
922 ## -
-- 72
923 ## -
-- 1
924 ## -
-- NO APLICA
942 ## - ELEMENTOS DE ENTRADA SECUNDARIOS (KOHA)
Tipo de ítem Koha

No items available.

© 2024. Todos los Derechos Reservados. Desarrollado por IDEICE